|
|
|
|
| LEADER |
00000csc a2200000 a 4500 |
| 001 |
90850 |
| 005 |
20230308215135.0 |
| 008 |
000000|1966 ||||||||r|||||||||||||||| |
| 041 |
1 |
|
|a spa
|
| 082 |
0 |
|
|a 300
|
| 100 |
1 |
|
|a Ayala, Francisco
|9 23308
|
| 245 |
|
|
|a Introduccion a las ciencias sociales
|c Ayala Francisco. Con prólogo del autor
|h imp
|
| 250 |
|
|
|a 6a ed.
|
| 264 |
|
|
|a Madrid
|b Aguilar
|c 1966
|
| 300 |
|
|
|a 310 páginas:
|c 21 cm
|
| 490 |
|
|
|a Biblioteca de Ciencias Sociales
|
| 650 |
1 |
|
|a Ciencias sociales
|9 4926
|
| 650 |
1 |
|
|a Condicion social del hombre
|9 301659
|
| 650 |
1 |
|
|a Cultura
|9 146
|
| 650 |
1 |
|
|a Lenguaje
|
| 650 |
1 |
|
|a Proceso historico-Social de occidente
|9 23309
|
| 650 |
1 |
|
|a Sociedad de masas
|9 8970
|
| 852 |
|
|
|a UC-CDJBV
|c ESTANTERIA CERRADA
|f Compra
|k mariana.feican
|l 1
|m General
|p 00000000
|r 2
|t 90850
|b 0
|d CDRC
|e CDRC
|g 300 ESTANTERIA CERRADA
|z 0000-00-00
|
| 942 |
|
|
|
| 999 |
|
|
|c 129930
|d 129930
|